[Event "ICS Rated blitz match"]
[Site "207.99.83.229"]
[Date "1999.06.11"]
[Round "?"]
[White "Amateur"]
[Black "Hossa"]
[Result "1-0"]
[WhiteElo "2450"]
[BlackElo "2515"]
[Annotator "Fritz 5.32 (22s)"]
[PlyCount "105"]

1. e4 1... c5 {Opening = B34 - 4.Nd4 g6 (5.Nc3 Bg7 6.Be3 Nf6 7.---)} 2. Ne2 Nc6
3. d4 cxd4 4. Nxd4 g6 5. Nxc6 bxc6 6. Bd3 (6. c3 Nf6 7. e5 Nd5 8. c4 Nc7 9. Nd2
Bg7 10. Nf3 Ne6 11. Bd2 f6 12. exf6 Bxf6 13. Rb1 Rb8 14. b4 c5 15. a3 Bb7 16.
Be2 Qc7 17. O-O cxb4 18. axb4 Bxf3 19. Bxf3 Qxc4 20. Rc1 20... Qd4 {
WchessX-Klamath/Internet Chess Club 1998/0-1 (120)}) 6... Bg7 7. O-O Nf6 8. e5
$146 (8. c3 O-O 9. Qe2 d5 10. Re1 Qc7 11. h3 e5 12. Na3 dxe4 13. Bxe4 Nxe4 14.
Qxe4 Be6 15. Nc4 Rfe8 16. Qe2 Rad8 17. Bg5 f6 18. Bh4 Rd7 19. Rad1 Red8 20.
Rxd7 Qxd7 21. Ne3 Qd2 22. Kf1 22... Qxe2+ {
Joseph,B-Teichmann,R/London ;HCL 45 1904/0-1 (49)}) (8. Nc3 O-O 9. Re1 Rb8 10.
Rb1 Qc7 11. Bg5 e6 12. Qf3 Nh5 13. g4 Bxc3 14. bxc3 Ng7 15. Rxb8 Qxb8 16. e5
Bb7 17. Bf6 Qc7 18. Qf4 Ne8 19. Qh6 Qb6 20. Re3 Qb1+ 21. Bf1 Ba6 22. Qxh7+ {
1-0 Cselotei,I-Smaraglay,B/Budapest HUN 1999 (22)}) (8. c4 O-O 9. Nc3 d5 10. h3
Rb8 11. Qe2 dxe4 12. Nxe4 Nxe4 13. Bxe4 Qc7 14. Rb1 f5 15. Bc2 c5 16. Bg5 e5
17. Qd2 Be6 18. b3 Rf7 19. Rbd1 Bf8 20. Rfe1 Re8 21. Bd8 Qb8 22. Ba5 22... Bc8
{Steiner,H-Stoltz,G/Staunton, Groningen NED 1946/ - (52)}) 8... Nd5 9. Be4 Nb6
({Nicht} 9... Bxe5 10. Bxd5 Qc7 11. Bb3 Bxh2+ 12. Kh1 $16) 10. Bf4 $15 (10. f4
10... Nc4 $11) 10... Bb7 $11 (10... Ba6 11. Re1 $11) 11. Nc3 O-O (11... Nc4 12.
Qd4 d5 13. b3 $11) 12. Qd3 Qe8 13. Rad1 13... Bc8 $14 (13... f6 14. Be3 f5 15.
Bf3 Bxe5 16. Bxb6 axb6 17. Qxd7 $14) 14. Rfe1 Kh8 15. Re3 Kg8 16. Rg3 (16. a4
16... Rb8 $14) 16... Rb8 17. b3 {Verwehrt dem Gegner a4+c4} 17... Kh8 18. a4 a5
19. Qe3 e6 20. Qc5 (20. Bh6 f5 21. Bxg7+ 21... Kxg7 $16) 20... Nd5 21. Bxd5
exd5 22. e6 Ra8 23. e7 Rg8 24. Qd6 f6 25. Be3 Qf7 26. Bc5 Re8 27. Re3 Ra6 28.
Qb8 Bh6 29. Rf3 Bg7 30. Bd6 30... Qe6 $16 (30... h6 $5 $14 {
muss beachtet werden}) 31. h3 $14 (31. Re3 $5 31... Qf7 32. Bc7 $16) 31... Kg8
32. Kh2 Bh6 33. Rd4 33... Qe1 $4 $18 (33... Bg7 $14 $142 {war relativ besser})
34. Qc7 $4 $14 {wirft den Vorteil weg} (34. Rxf6 $142 {
und Weiss ist direkt am Ziel} 34... c5 35. Rd3 Rxd6 36. Qxd6 (36. Rxd6 Bf4+ 37.
g3 Qxf2+ 38. Kh1 c4 39. bxc4 dxc4 40. gxf4 cxd3 41. Rxd3 41... Qxc2 $19) 36...
Rxe7 37. Qxd5+ (37. Rxd5 $6 37... Bg7 $18) 37... Kg7 38. Rdf3 $18) 34... Qe6
35. Rg4 $11 (35. Bf4 35... Bg7 $14) 35... f5 36. Rgg3 $15 (36. Rd4 36... Ra8
$11) 36... d4 37. Nb1 37... Bg7 $14 (37... Ra8 $5 {sieht spielbar aus} 38. Be5
Qxe7 39. Bxd4 d6 40. Qxc6 Bd7 41. Qc4+ 41... Be6 $15) 38. Nd2 Bf6 39. Nc4 {
Nimmt den isolierten Bauern a5 ins Visier} 39... Bh4 (39... Bxe7 $2 {
scheitert an} 40. Bxe7 Qxe7 41. Nd6 $18) 40. Rg4 Bxe7 41. Rxd4 {
Weiss entwickelt Drohungen in der offenen e-Linie} 41... Bg5 42. Bf4 Qf6 43.
Bxg5 Qxd4 (43... Qxg5 $2 {ist naheliegend und schlecht} 44. Nd6 (44. Nxa5 $6
44... Qd8 45. Qxd8 45... Rxd8 $18) 44... Qd8 45. Nxe8 (45. Qxc8 $6 45... Qxc8
46. Nxc8 46... Rxc8 $18) 45... Qxe8 46. Re3 $18) 44. Be3 Qh4 45. Nd6 Qd8 46.
Nxe8 $1 {das wars. Droht Matt: Qxd8} 46... Qxe8 (46... Qxc7+ {
aendert nichts mehr} 47. Nxc7 Kf7 48. Bc5 $18) 47. Bh6 Kf7 48. Bd2 (48. Re3
$142 {und Schwarz kann direkt aufgeben} 48... Qxe3 49. Bxe3 $18) 48... Kg8 (
48... c5 $5 $18) 49. Re3 {Es droht Matt} 49... Qf8 50. Bxa5 50... d6 $4 {
ein Ende mit Schrecken} (50... c5 $18) 51. Bc3 {Mit der Mattdrohung Re8} 51...
Be6 52. Rxe6 Ra8 (52... Ra5 {kann das Vorangegangene nicht ungeschehen machen}
53. Re8 $1 {die Pointe} 53... Re5 54. Rxf8+ Kxf8 55. Qxd6+ Ke8 56. Bxe5 Kf7 57.
Qd7+ Kf8 58. Bd6+ Kg8 59. Qe8+ Kg7 60. Qf8#) 53. Re7 (53. Re7 Qf7 54. Rxf7 Rf8
55. Rg7+ Kh8 56. Rxh7+ Kg8 57. Qg7#) 1-0

[Event "ICS Rated blitz match"]
[Site "207.99.83.229"]
[Date "1999.06.11"]
[Round "?"]
[White "Hossa"]
[Black "DiepX"]
[Result "0-1"]
[WhiteElo "2496"]
[BlackElo "2591"]
[PlyCount "112"]

1. e4 e5 2. Nf3 Nf6 3. Nxe5 d6 4. Nf3 Nxe4 5. d3 Nf6 6. d4 Be7 7. Bd3 O-O 8.
O-O Bg4 9. Nc3 Nc6 10. Be2 Re8 11. d5 Ne5 12. Nxe5 Bxe2 13. Nxf7 Bxd1 14. Nxd8
Bxc2 15. Nxb7 a5 16. Nb5 Nxd5 17. Nd4 Bd3 18. Rd1 Bf6 19. Nc6 Nb4 20. Ncxa5 Nc2
21. Rb1 Nd4 22. Ra1 Be2 23. Be3 Bxd1 24. Rxd1 Nc2 25. Bc1 Re1+ 26. Rxe1 Nxe1
27. Bd2 Nd3 28. b3 Kf7 29. a4 Re8 30. Be3 Ke6 31. Nc6 Kd7 32. Nca5 Bg5 33. h3
Bxe3 34. fxe3 Rxe3 35. Nc4 Re2 36. g3 d5 37. Nca5 Ra2 38. h4 g6 39. g4 Re2 40.
g5 Re4 41. Kf1 Rxh4 42. Ke2 Nf4+ 43. Kd1 Ne6 44. Kc2 c5 45. Kb2 Rg4 46. Kc3
Rxg5 47. Kd3 Rg3+ 48. Ke2 h5 49. Ke1 h4 50. Kf2 g5 51. Ke2 h3 52. Kf2 h2 53.
Kxg3 h1=Q 54. Kf2 g4 55. b4 Qf3+ 56. Ke1 56... Qc3+ {Hossa resigns} 0-1

[Event "ICS Rated blitz match"]
[Site "207.99.83.229"]
[Date "1999.06.11"]
[Round "?"]
[White "Hossa"]
[Black "DiepX"]
[Result "0-1"]
[WhiteElo "2490"]
[BlackElo "2603"]
[PlyCount "34"]

1. e4 e5 2. Nf3 Nc6 3. Bc4 Nf6 4. d4 exd4 5. e5 d5 6. Bb5 Ne4 7. Nxd4 Bd7 8.
Bxc6 bxc6 9. O-O Be7 10. f3 Nc5 11. c4 O-O 12. Nc3 dxc4 13. Qe2 Nd3 14. Qe3 Re8
15. f4 Bc5 16. Na4 Bb6 17. Qe4 17... Bf5 {Hossa resigns} 0-1

[Event "ICS rated blitz match"]
[Site "207.99.83.229"]
[Date "1999.06.11"]
[Round "?"]
[White "DiepX"]
[Black "Hossa"]
[Result "1-0"]
[WhiteElo "2614"]
[BlackElo "2479"]
[PlyCount "163"]

1. e4 c5 2. Nf3 e6 3. d4 cxd4 4. Nxd4 Nf6 5. Nc3 Nc6 6. Ndb5 d6 7. Bf4 e5 8.
Bg5 a6 9. Na3 b5 10. Nd5 Be7 11. Bxf6 Bxf6 12. c3 O-O 13. Nc2 Bg5 14. a4 bxa4
15. Rxa4 Ne7 16. h4 Bf4 17. Nxf4 exf4 18. Rd4 Rb8 19. b4 Qc7 20. Qd2 Rb6 21.
Rc4 Rc6 22. Rxc6 Qxc6 23. Bd3 d5 24. Nd4 Qf6 25. Qc2 Re8 26. h5 Qh6 27. Qa4 Rd8
28. Qa5 Rd6 29. O-O dxe4 30. Bxe4 Qf6 31. Re1 h6 32. Qc5 Bg4 33. Bd3 Kf8 34.
Bc4 Rd7 35. Re4 Qd6 36. Qxd6 Rxd6 37. Bxf7 Rf6 38. Bc4 Ke8 39. Re5 g6 40. hxg6
Rxg6 41. Kh2 Bc8 42. Re2 h5 43. Re5 Rh6 44. Nb3 h4 45. Bf1 f3 46. g3 Kd8 47.
Nd4 hxg3+ 48. Kxg3 Rh1 49. Bd3 Rh3+ 50. Kf4 Kd7 51. Ra5 Rh6 52. Nxf3 Rf6+ 53.
Ke3 Kc7 54. Nd4 Kd8 55. Be4 Kc7 56. f3 Bh3 57. c4 Kd7 58. Rh5 Bf1 59. c5 Bc4
60. Rh7 Bg8 61. Rg7 Bf7 62. Kd3 Kd8 63. Rh7 Kd7 64. Rg7 Kd8 65. Rg5 Kd7 66. Kc3
Kd8 67. Bb7 Kc7 68. Be4 Kd8 69. Nc2 Be6 70. Rg7 Nd5+ 71. Kd4 Nf4 72. Ke5 Rf8
73. Nd4 Bd7 74. c6 Bh3 75. b5 Nh5 76. Rh7 Re8+ 77. Kd6 Nf6 78. c7+ Kc8 79. Bb7+
Kxb7 80. c8=Q+ Kxc8 81. Rc7+ Kd8 82. Nc6# {Hossa checkmated} 1-0

[Event "ICS Rated blitz match"]
[Site "207.99.83.229"]
[Date "1999.06.11"]
[Round "?"]
[White "Hossa"]
[Black "DiepX"]
[Result "1/2-1/2"]
[WhiteElo "2469"]
[BlackElo "2624"]
[PlyCount "139"]

1. e4 e5 2. Nf3 Nc6 3. Bb5 a6 4. Ba4 Nf6 5. O-O Bc5 6. c3 b5 7. Bc2 d6 8. d4
Bb6 9. dxe5 Nxe5 10. Nxe5 dxe5 11. Qxd8+ Kxd8 12. a4 Bb7 13. Nd2 Re8 14. axb5
axb5 15. Rxa8+ Bxa8 16. Bd3 Bc6 17. Re1 Ke7 18. c4 Rd8 19. cxb5 Ba5 20. bxc6
Rxd3 21. Re2 Kd6 22. Nc4+ Kc5 23. Ne3 Nxe4 24. f3 Nd2 25. Nf5 Kxc6 26. Bxd2
Rxd2 27. Rxd2 Bxd2 28. Nxg7 Be3+ 29. Kf1 Bc1 30. b3 Be3 31. Nf5 Bc5 32. Nh6 f6
33. Ng8 f5 34. Nf6 h6 35. g4 e4 36. fxe4 Bd4 37. Ng8 fxe4 38. Nxh6 Bf6 39. Nf5
Kd5 40. Ne3+ Ke5 41. Ng2 Be7 42. Kf2 Ba3 43. h4 c6 44. h5 Bc1 45. Ke2 Kf6 46.
Kd1 Bg5 47. Ke1 Ke5 48. Ke2 Kd4 49. b4 Ke5 50. Kf2 Kd4 51. Ne1 Kc3 52. Ke2 Kxb4
53. Nc2+ Kc5 54. Ne3 Kd6 55. Kf2 Ke5 56. Ng2 c5 57. Kg3 c4 58. Ne1 Bh6 59. Kh4
Bd2 60. Nc2 Kf6 61. Kg3 Kg5 62. Kh3 c3 63. Nd4 e3 64. Kg3 e2 65. Nxe2 c2 66.
Kf3 Kh4 67. Ke4 Kxg4 68. Kd3 Kxh5 69. Kxd2 Kg5 70. Kxc2 {
Game drawn because neither player has mating material} 1/2-1/2

[Event "ICS Rated blitz match"]
[Site "207.99.83.229"]
[Date "1999.06.11"]
[Round "?"]
[White "Hossa"]
[Black "Nicy"]
[Result "1-0"]
[WhiteElo "2476"]
[BlackElo "2184"]
[PlyCount "95"]

1. e4 c5 2. Nf3 Nc6 3. d4 cxd4 4. Nxd4 g6 5. c4 Nf6 6. Nc3 d6 7. Be2 Nxd4 8.
Qxd4 Bg7 9. Bg5 O-O 10. Qe3 Qa5 11. O-O Be6 12. Nd5 Bxd5 13. exd5 Rfe8 14. Bh6
Bh8 15. b4 Qc7 16. Rae1 b6 17. Qg5 Rac8 18. a3 Qd7 19. f3 Qa4 20. Qe3 Rc7 21.
Rd1 Rec8 22. f4 Qc2 23. f5 Bg7 24. Bxg7 Kxg7 25. fxg6 hxg6 26. Rd2 Qe4 27. Qf2
Qe5 28. Rdd1 Rh8 29. h3 Rf8 30. Bd3 Qh5 31. Rde1 Qg5 32. h4 Qg4 33. Rxe7 Rxe7
34. Qxf6+ Kg8 35. Qxe7 Qd4+ 36. Rf2 Qxd3 37. Rf4 Qxa3 38. Qxd6 Qc1+ 39. Kh2 Qe3
40. b5 Kg7 41. Qf6+ Kg8 42. g3 Qe2+ 43. Kh3 Qd1 44. Rd4 Qh1+ 45. Kg4 Qe1 46.
Kg5 Qe3+ 47. Rf4 Qxg3+ 48. Kh6 {Nicy resigns} 1-0

[Event "ICS rated standard match"]
[Site "207.99.83.229"]
[Date "1999.06.11"]
[Round "?"]
[White "Hossa"]
[Black "Pauline"]
[Result "1-0"]
[WhiteElo "2309"]
[BlackElo "2066"]
[PlyCount "87"]

1. e4 e6 2. d4 d5 3. Nc3 Bb4 4. e5 c5 5. a3 Bxc3+ 6. bxc3 Ne7 7. h4 Bd7 8. Nf3
Ba4 9. Rb1 Qc7 10. Bd3 c4 11. Be2 Nbc6 12. O-O O-O-O 13. Re1 Nf5 14. g4 Nh6 15.
Ng5 Qe7 16. Bf3 Ng8 17. Bg2 h6 18. Nf3 f6 19. h5 fxe5 20. Nxe5 Nxe5 21. Rxe5
Nf6 22. Rb4 b5 23. f4 Nd7 24. Re1 Qd6 25. Qe2 Rde8 26. Bf3 Rhg8 27. Qg2 Nf6 28.
g5 Nh7 29. g6 Nf6 30. Qd2 a6 31. Re5 Nd7 32. Re2 Rgf8 33. Kh1 Rf6 34. Bg4 Ref8
35. Qe1 Re8 36. f5 Ref8 37. Rxe6 Rxe6 38. fxe6 Bxc2 39. exd7+ Kd8 40. Kg1 Qf6
41. Rb2 Be4 42. Rf2 Qe7 43. Rxf8+ Qxf8 44. Qg3 {Pauline resigns} 1-0

[Event "ICS rated blitz match"]
[Site "207.99.83.229"]
[Date "1999.06.11"]
[Round "?"]
[White "eth"]
[Black "Hossa"]
[Result "0-1"]
[WhiteElo "2186"]
[BlackElo "2481"]
[PlyCount "90"]

1. e4 e5 2. Nf3 Nc6 3. Bc4 Nf6 4. Nc3 Bb4 5. d3 d5 6. exd5 Bxc3+ 7. bxc3 Nxd5
8. O-O O-O 9. Bg5 Qd6 10. Qd2 Bg4 11. Nh4 h6 12. Be3 Nce7 13. h3 Bh5 14. g4 Qf6
15. Bxd5 Nxd5 16. Nf5 Bg6 17. Ng3 Qh4 18. Kh2 b6 19. c4 Nf6 20. Kg2 Rad8 21.
Qe2 c5 22. Qf3 Rde8 23. Nf5 Bxf5 24. Qxf5 Re6 25. Rfe1 Rfe8 26. Bd2 a6 27. f3
g6 28. Qxe6 Rxe6 29. Rab1 Kh8 30. a4 Kg8 31. Rb2 Kh8 32. Reb1 Nd7 33. Bc3 h5
34. a5 bxa5 35. Rb7 Qd8 36. f4 hxg4 37. hxg4 Kg7 38. fxe5 Nxe5 39. Rf1 Kg8 40.
Rfb1 Qh4 41. Rb8+ Kg7 42. Kf1 Rf6+ 43. Ke2 Qh2+ 44. Ke3 Nxg4+ 45. Ke4 45...
Qg2# {eth checkmated} 0-1

[Event "ICS rated standard match"]
[Site "207.99.83.229"]
[Date "1999.06.11"]
[Round "?"]
[White "Pauline"]
[Black "Hossa"]
[Result "0-1"]
[WhiteElo "2060"]
[BlackElo "2315"]
[PlyCount "48"]

1. d4 Nf6 2. c4 e6 3. Nc3 Bb4 4. e3 b6 5. Be2 O-O 6. Bf3 d5 7. Nge2 Ba6 8. cxd5
Bxc3+ 9. bxc3 exd5 10. O-O Bc4 11. Ba3 Re8 12. Qc2 Ne4 13. Rfe1 Nd7 14. Ng3
Ndf6 15. Be2 Bxe2 16. Nxe2 Ng4 17. Rf1 Qh4 18. h3 Nexf2 19. hxg4 Nxg4 20. Rf3
Rxe3 21. Qf5 Qh2+ 22. Kf1 Rxf3+ 23. Qxf3 Qh1+ 24. Ng1 24... Nh2+ {
Pauline resigns} 0-1

[Event "ICS rated blitz match"]
[Site "207.99.83.229"]
[Date "1999.06.11"]
[Round "?"]
[White "Hossa"]
[Black "Data"]
[Result "1/2-1/2"]
[WhiteElo "2486"]
[BlackElo "2900"]
[PlyCount "121"]

1. e4 c5 2. Nf3 Nc6 3. d4 cxd4 4. Nxd4 g6 5. c4 Bg7 6. Be3 Nf6 7. Nc3 Ng4 8.
Qxg4 Nxd4 9. Qd1 e5 10. Bd3 O-O 11. O-O d6 12. Qd2 Be6 13. Bh6 Bxh6 14. Qxh6
Rc8 15. b3 f6 16. f4 Qc7 17. Rad1 Qg7 18. Qxg7+ Kxg7 19. Ne2 Nxe2+ 20. Bxe2 Rc6
21. g3 Bh3 22. Rf2 exf4 23. gxf4 Kf7 24. Bf3 Rb6 25. Rd3 Ke7 26. a3 a5 27. a4
Rc8 28. Bg2 Bg4 29. Bh3 Bxh3 30. Rxh3 h5 31. Rg2 Kf7 32. Re3 Rc5 33. h4 g5 34.
hxg5 fxg5 35. Rxg5 Rxg5+ 36. fxg5 Kg6 37. e5 dxe5 38. Rxe5 Rxb3 39. Rxa5 Rb4
40. c5 h4 41. Rb5 Rxa4 42. Rxb7 Rc4 43. Rc7 Rc2 44. c6 Kxg5 45. Rc8 Kg4 46. c7
Kh3 47. Kf1 Kh2 48. Rh8 Rxc7 49. Rxh4+ Kg3 50. Rh5 Rc1+ 51. Ke2 Ra1 52. Ke3 Rb1
53. Ke4 Ra1 54. Rg5+ Kf2 55. Rg4 Rb1 56. Kf4 Ra1 57. Ke5 Rb1 58. Kf5 Ra1 59.
Ke5 Rb1 60. Kf5 Ra1 61. Ke5 {Game drawn by repetition} 1/2-1/2

[Event "ICS Rated blitz match"]
[Site "207.99.83.229"]
[Date "1999.06.11"]
[Round "?"]
[White "Hossa"]
[Black "ipkis"]
[Result "0-1"]
[WhiteElo "2499"]
[BlackElo "2605"]
[PlyCount "134"]

1. e4 c5 2. Nf3 e6 3. d4 cxd4 4. Nxd4 Nc6 5. Nxc6 bxc6 6. Bd3 Nf6 7. O-O d5 8.
e5 Nd7 9. Qh5 g6 10. Qe2 Bg7 11. Bf4 O-O 12. Nd2 Bb7 13. Nf3 c5 14. Bb5 Nb6 15.
Bg5 Qc7 16. c3 Nd7 17. Be7 Nxe5 18. Bxf8 Rxf8 19. Ng5 h6 20. Nf3 Kh7 21. Rae1
Nxf3+ 22. Qxf3 e5 23. Qg4 f5 24. Qa4 a6 25. Be8 e4 26. Rd1 d4 27. cxd4 cxd4 28.
Rc1 Qe7 29. Bd7 Qd6 30. Bc6 Bc8 31. Qa5 d3 32. Qd2 Rd8 33. Rfd1 Be6 34. b4 Bd5
35. Bxd5 Qxd5 36. Rc5 Qd6 37. Rdc1 Rd7 38. Rc6 Qe5 39. Rxa6 f4 40. Re1 e3 41.
fxe3 fxe3 42. Rxe3 Qxe3+ 43. Qxe3 Bd4 44. Qxd4 Rxd4 45. Ra7+ Kg8 46. Ra8+ Kf7
47. Ra3 d2 48. Rf3+ Ke7 49. Rf1 d1=Q 50. Rxd1 Rxd1+ 51. Kf2 Ra1 52. a3 Rxa3 53.
g3 Rb3 54. h4 Rxb4 55. Kf3 Kf6 56. g4 h5 57. g5+ Kf5 58. Ke3 Rxh4 59. Kf3 Kxg5
60. Ke3 Rg4 61. Kd3 h4 62. Kc2 h3 63. Kd3 h2 64. Kc3 h1=Q 65. Kc2 Qh3 66. Kc1
Rg2 67. Kd1 67... Qh1# {Hossa checkmated} 0-1

[Event "ICS rated blitz match"]
[Site "207.99.83.229"]
[Date "1999.06.11"]
[Round "?"]
[White "kom"]
[Black "Hossa"]
[Result "1-0"]
[WhiteElo "2243"]
[BlackElo "2488"]
[PlyCount "61"]

1. e4 e5 2. Nf3 Nc6 3. d4 exd4 4. Bc4 Bb4+ 5. c3 dxc3 6. O-O cxb2 7. Bxb2 Nf6
8. e5 Nh5 9. a3 Be7 10. Nc3 O-O 11. Ne4 Nf4 12. Qd2 Ne6 13. Qe3 Rb8 14. Rad1
Qe8 15. Nf6+ gxf6 16. exf6 Bd6 17. Qh6 Bf4 18. Qh4 d5 19. Bxd5 Ncd8 20. g3 Qb5
21. Bc3 Qa6 22. gxf4 Re8 23. Qh6 Qa4 24. Nd4 Qxa3 25. Rd3 Qf8 26. Rg3+ Kh8 27.
Qh4 Qd6 28. Be4 Ng5 29. Rxg5 Rxe4 30. Rg7 Re3 31. Qxh7# {Hossa checkmated} 1-0

[Event "ICS rated blitz match"]
[Site "207.99.83.229"]
[Date "1999.06.11"]
[Round "?"]
[White "Hossa"]
[Black "mamaburra"]
[Result "1-0"]
[WhiteElo "2459"]
[BlackElo "2222"]
[PlyCount "81"]

1. e4 c5 2. Nf3 d6 3. d4 cxd4 4. Nxd4 a6 5. Bd3 e6 6. O-O Nf6 7. Qf3 Qc7 8. a3
Be7 9. Qg3 O-O 10. Bh6 Ne8 11. Nd2 Nd7 12. N2f3 Nc5 13. b4 Nd7 14. c4 b6 15.
Rae1 Kh8 16. Bg5 Ndf6 17. e5 dxe5 18. Nxe5 Bb7 19. Qh4 Rd8 20. Nxe6 fxe6 21.
Bxh7 Nxh7 22. Ng6+ Kg8 23. Nxe7+ Kh8 24. Ng6+ Kg8 25. Bxd8 Qf7 26. Qg3 Nef6 27.
Nxf8 Nxf8 28. Bxf6 Qxf6 29. Qc7 Ba8 30. Qxb6 Bxg2 31. Kxg2 Qg5+ 32. Kh1 Qf4 33.
Qc6 Kh7 34. Re3 Ng6 35. Qxa6 Nh4 36. Qxe6 Nf5 37. Qe5 Qg5 38. Rh3+ Kg6 39. Qe6+
Qf6 40. Rg1+ Ng3+ 41. Rgxg3# {mamaburra checkmated} 1-0

[Event "ICS rated blitz match"]
[Site "207.99.83.229"]
[Date "1999.06.11"]
[Round "?"]
[White "supernerd"]
[Black "Hossa"]
[Result "0-1"]
[WhiteElo "2325"]
[BlackElo "2466"]
[PlyCount "128"]

1. d4 Nf6 2. e3 g6 3. f4 Bg7 4. Bd3 O-O 5. Nf3 Nc6 6. O-O d5 7. c3 Ne4 8. Nbd2
Bf5 9. Qe2 Qd7 10. Bxe4 dxe4 11. Ne1 Rad8 12. Nc2 Bg4 13. Qf2 Qd5 14. c4 Qh5
15. Re1 Bf5 16. b4 a6 17. a4 a5 18. b5 Na7 19. Ba3 Nc8 20. Rac1 Qh6 21. Nb3 b6
22. Red1 Nd6 23. Ne1 Bg4 24. Rd2 Bf6 25. c5 Nf5 26. Nc2 Bh4 27. g3 Bf6 28. Bb2
Qh3 29. Na3 h5 30. Rc3 h4 31. Qg2 Qxg2+ 32. Kxg2 hxg3 33. hxg3 bxc5 34. Rxc5
Nxe3+ 35. Kf2 Nd1+ 36. Ke1 Nxb2 37. Rxb2 Bxd4 38. Nxd4 Rxd4 39. Nc4 Rc8 40. Ne3
Be6 41. b6 cxb6 42. Rxc8+ Bxc8 43. Rxb6 Kg7 44. Rb8 Bh3 45. Rb7 e6 46. Ra7 Rxa4
47. g4 Ra2 48. g5 Ra4 49. Kf2 Bf5 50. Ke1 Ra1+ 51. Ke2 Bh3 52. Kf2 Ra3 53. Ke2
a4 54. Kd2 Rd3+ 55. Ke2 Rd4 56. Ke1 Bf5 57. Ke2 Rb4 58. Kd2 Rb2+ 59. Kc3 Rb3+
60. Kd2 Rd3+ 61. Ke2 a3 62. Nc4 Bg4+ 63. Ke1 e3 64. Nxa3 64... Rd1# {
supernerd checkmated} 0-1

[Event "ICS rated blitz match"]
[Site "207.99.83.229"]
[Date "1999.06.11"]
[Round "?"]
[White "supernerd"]
[Black "Hossa"]
[Result "0-1"]
[WhiteElo "2309"]
[BlackElo "2476"]
[PlyCount "160"]

1. d4 Nf6 2. e3 g6 3. Bd3 Bg7 4. f4 O-O 5. Nf3 Nc6 6. c3 d5 7. O-O Ne4 8. Bd2
Bf5 9. Be1 Qd6 10. Bh4 Rad8 11. Qc2 Qe6 12. Re1 Nd6 13. Nbd2 Bxd3 14. Qxd3 Qg4
15. Rf1 a6 16. Rae1 Rde8 17. Bf2 f6 18. Bh4 e6 19. h3 Qf5 20. Qe2 Qc2 21. Nb3
Qxe2 22. Rxe2 Ne4 23. Nbd2 Ne7 24. Nxe4 dxe4 25. Nd2 Nf5 26. Bf2 Nd6 27. c4 f5
28. Rc1 c6 29. Ree1 Rc8 30. b4 Rcd8 31. a4 Nc8 32. Rc2 Rf7 33. Rb1 Nb6 34. a5
Nc8 35. Nb3 Nd6 36. Nc5 Re8 37. g4 Kh8 38. g5 Ree7 39. h4 Rf8 40. Kg2 Rd8 41.
Rh1 Rg8 42. Kf1 Ree8 43. h5 gxh5 44. Rxh5 Bf8 45. Ke2 Nf7 46. Rc1 Re7 47. Kd2
Nd6 48. Kc3 Rg6 49. Rch1 Kg8 50. Nb3 Reg7 51. Nc1 Rd7 52. Ne2 Nc8 53. R5h2 b6
54. axb6 Nxb6 55. Ra1 Ra7 56. Nc1 Rgg7 57. Nb3 Kh8 58. Nc5 Bxc5 59. bxc5 Nd7
60. Bh4 Rg8 61. Rha2 Rga8 62. Ra5 Nf8 63. Be1 Ng6 64. Kc2 Kg7 65. R5a4 h6 66.
gxh6+ Kxh6 67. Ba5 Rd7 68. Bb6 Nxf4 69. exf4 Rxd4 70. Kc3 Rd3+ 71. Kb4 Kh5 72.
Rxa6 Rc8 73. Ra7 Kg4 74. Bc7 Rd7 75. Be5 Rxa7 76. Rxa7 e3 77. Kc3 Rd8 78. Bd6
Kf3 79. Ra2 Rh8 80. Kd3 80... Rh1 {supernerd resigns} 0-1

[Event "ICS rated blitz match"]
[Site "207.99.83.229"]
[Date "1999.06.11"]
[Round "?"]
[White "Hossa"]
[Black "supernerd"]
[Result "1-0"]
[WhiteElo "2485"]
[BlackElo "2289"]
[PlyCount "47"]

1. e4 c5 2. Nf3 d6 3. d4 cxd4 4. Nxd4 Nf6 5. Nc3 g6 6. Be3 Bg7 7. f3 O-O 8. Qd2
Nc6 9. Bc4 Bd7 10. O-O-O Ne5 11. Bb3 Qa5 12. Bh6 Bxh6 13. Qxh6 Rfc8 14. Nd5
Nxd5 15. Bxd5 Nc4 16. Kb1 e6 17. Bxc4 Rxc4 18. Ne2 Qe5 19. Nc3 Rac8 20. Rd3 b5
21. Rhd1 b4 22. Rxd6 Be8 23. f4 Qf6 24. Nd5 {supernerd resigns} 1-0

[Event "ICS rated blitz match"]
[Site "207.99.83.229"]
[Date "1999.06.11"]
[Round "?"]
[White "PostModernist"]
[Black "Hossa"]
[Result "1-0"]
[WhiteElo "2542"]
[BlackElo "2493"]
[PlyCount "106"]

1. e4 c5 2. Nf3 e6 3. d4 cxd4 4. Nxd4 Nf6 5. Nc3 Nc6 6. Nxc6 bxc6 7. e5 Nd5 8.
Ne4 f5 9. exf6 Nxf6 10. Nd6+ Bxd6 11. Qxd6 Qb6 12. Bd3 Ba6 13. Bxa6 Qxa6 14.
Be3 Qc4 15. c3 Kf7 16. Qa3 Rhb8 17. O-O-O e5 18. Rd6 Rb7 19. Re1 Kg8 20. h3
Rab8 21. Rd2 Ne4 22. Rc2 a6 23. b3 Qf7 24. Qxa6 Rb5 25. Qa4 Nf6 26. Bg5 Ne8 27.
Qc4 Qxc4 28. bxc4 Ra5 29. Be7 Rba8 30. Kb1 d6 31. Rd1 e4 32. Bxd6 Rg5 33. g4
Rga5 34. Re2 Kf7 35. Bb4 Re5 36. f4 Re6 37. Rd7+ Kg8 38. Re7 Rxe7 39. Bxe7 Rb8+
40. Kc1 Rb7 41. Rxe4 Kf7 42. Bc5 Nf6 43. Re5 h6 44. a4 Nd7 45. Re7+ Kf6 46. a5
Rc7 47. a6 g6 48. Rh7 g5 49. a7 Rc8 50. fxg5+ Kxg5 51. Rxd7 Ra8 52. Rd8 Rxa7
53. Bxa7 53... Kh4 {Hossa resigns} 1-0

[Event "ICS Rated blitz match"]
[Site "207.99.83.229"]
[Date "1999.06.11"]
[Round "?"]
[White "supernerd"]
[Black "Hossa"]
[Result "0-1"]
[WhiteElo "2283"]
[BlackElo "2489"]
[PlyCount "104"]

1. d4 Nf6 2. f4 e6 3. Nf3 Be7 4. e3 O-O 5. Bd3 Nc6 6. c3 d5 7. O-O Bd6 8. Qe2
b6 9. Nbd2 Bb7 10. Ne5 Qe7 11. Rf3 a5 12. Rh3 Kh8 13. b3 Rad8 14. a4 Ba8 15.
Bb2 Bb7 16. Rf1 Ba3 17. Bxa3 Qxa3 18. Bxh7 Rde8 19. Bb1+ Kg8 20. Bh7+ Kh8 21.
Bb1+ Kg8 22. Qd3 Re7 23. Ng4 Ne4 24. Nxe4 dxe4 25. Qxe4 f5 26. Qd3 Qxb3 27. Bc2
Ba6 28. Qd2 Qc4 29. Rf2 fxg4 30. Rg3 Rf6 31. Rxg4 e5 32. dxe5 Rxe5 33. Bd3 Qxd3
34. Qxd3 Bxd3 35. fxe5 Nxe5 36. Rd4 Rc6 37. Rd5 Rxc3 38. g3 Rc1+ 39. Kg2 Be4+
40. Kh3 Bxd5 41. Kh4 Rc4+ 42. Kg5 Nf3+ 43. Kf5 Kf7 44. e4 Bxe4+ 45. Kg4 Rxa4
46. Kf4 Bd5+ 47. Ke3 Ra3+ 48. Kf4 g5+ 49. Kf5 c6 50. h4 gxh4 51. gxh4 Ra4 52.
h5 52... Be6# {supernerd checkmated} 0-1

[Event "ICS rated blitz match"]
[Site "207.99.83.229"]
[Date "1999.06.11"]
[Round "?"]
[White "supernerd"]
[Black "Hossa"]
[Result "1-0"]
[WhiteElo "2289"]
[BlackElo "2496"]
[PlyCount "95"]

1. d4 Nf6 2. f4 e6 3. Nf3 Be7 4. e3 O-O 5. Bd3 Nc6 6. c3 d5 7. Nbd2 Ng4 8. Qe2
Bh4+ 9. g3 Be7 10. O-O f6 11. e4 a5 12. h3 Nh6 13. Re1 Qd7 14. Nf1 Nf7 15. e5
fxe5 16. fxe5 Qe8 17. Bc2 Rb8 18. Qd3 g6 19. N1h2 Bd7 20. Rf1 Ncd8 21. b3 c5
22. a4 cxd4 23. cxd4 Nc6 24. Bd2 Nb4 25. Bxb4 axb4 26. Rac1 Ra8 27. Ng4 b5 28.
a5 Rxa5 29. Rf2 Nd8 30. Rcf1 Nc6 31. Nh4 Rxf2 32. Rxf2 Ra1+ 33. Kg2 Bxh4 34.
gxh4 Kh8 35. Nf6 Qe7 36. h5 gxh5 37. Kh2 Ra2 38. Rg2 Ra8 39. Qg3 Qf7 40. Bxh7
Nxd4 41. Bg6 Qf8 42. Qf4 Ne2 43. Qg5 Nf4 44. Qxf4 Ra2 45. Rxa2 Bc6 46. Qg5 d4
47. Qxh5+ Qh6 48. Qxh6# {Hossa checkmated} 1-0

[Event "ICS rated standard match"]
[Site "207.99.83.229"]
[Date "1999.06.11"]
[Round "?"]
[White "Mofongo"]
[Black "Hossa"]
[Result "1-0"]
[WhiteElo "2476"]
[BlackElo "2329"]
[PlyCount "132"]

1. d4 d5 2. c4 c6 3. Nf3 Nf6 4. Nc3 dxc4 5. a4 Na6 6. e4 Bg4 7. Bxc4 e6 8. Be3
Nb4 9. O-O Be7 10. h3 Bh5 11. g4 Bg6 12. Nd2 O-O 13. f4 Qc7 14. Kg2 c5 15. f5
cxd4 16. Bxd4 exf5 17. exf5 Rad8 18. Nb5 Qc6+ 19. Rf3 Bxf5 20. gxf5 a6 21. Na7
Qd6 22. Nb3 Nh5 23. Qe2 Qc7 24. Be5 Bd6 25. Bxd6 Qxd6 26. Qf2 Qc7 27. Qh4 Nf6
28. a5 Rde8 29. Bf1 Re4 30. Qf2 Rfe8 31. Rc1 Qb8 32. Nd2 R4e7 33. Rb3 Nfd5 34.
Kg1 Re3 35. Rc4 Rxb3 36. Nxb3 Kh8 37. Nd2 Na2 38. Bg2 Ne3 39. Rc8 Rxc8 40. Nxc8
Nxg2 41. Qc5 h6 42. Kxg2 Qf4 43. Nf3 Qe4 44. Nd6 Qe2+ 45. Kg3 Qe7 46. Qb6 Nc1
47. Qd8+ Qxd8 48. Nxf7+ Kg8 49. Nxd8 Nd3 50. b3 Nc5 51. Nd4 Kh7 52. N4e6 Nxb3
53. Nxb7 Kg8 54. Kf3 Nd2+ 55. Ke3 Nf1+ 56. Kf4 Nd2 57. Nc7 Nc4 58. Nxa6 g6 59.
fxg6 Kg7 60. Nc7 Kxg6 61. a6 Nb6 62. a7 Kh5 63. Nd6 Kg6 64. Nc8 Nd7 65. a8=Q
Nf6 66. Qg2+ 66... Kh7 {Hossa resigns} 1-0